| 000 | 00467nam a22001337a 4500 | ||
|---|---|---|---|
| 008 | 230221b |||||||| |||| 00| 0 eng d | ||
| 040 |
_aNational Science Library _cNational Science Library |
||
| 080 |
_a624:91:681.3(082.2) _bP8 |
||
| 245 |
_aNational conference on application of GIS in civil engineering _c/ School of Civil Engineering |
||
| 260 |
_aTamil Nadu: _bSchool of Civil Engineering, _c2008 |
||
| 300 | _a283p. | ||
| 650 | _aScience | ||
| 942 |
_2udc _cPR |
||
| 999 |
_c46977 _d46977 |
||